LEADER 02062nam2 2200397 i 450 001 BVEE014629 005 20170908093200.0 012 $ao.a. alre e.i- Ilpi (3) 1550 (R)$2fei$9Var. B 012 $ao.a. alre e.i- Ilpi (3) 1560 (R)$2fei 100 $a20090206d1560 ||||0itac50 ba 101 | $aita 102 $ait 181 1$6z01$ai $bxxxe 182 1$6z01$an 200 1 $a˜3: La œterza parte del general trattato, de numeri et misure, di Nicolo Tartaglia. Nel quale si dechiarano i primi principii, et la prima parte della geometria . 210 $aIn Venetia$cper Curtio Troiano$d1560 215 $a[4], 51, [1] c.$cill., 1 ritr. 300 $aMarca (V412) sul front 300 $aSegn.: πA⁴ A-H⁶ I⁴ 300 $aBianca c. I/4 300 $aRitr. dell'A. a c. πA4v 300 $aStemma del dedicatario Daniele D'Anna a c. πA2r 300 $aVar. B: data sul front. 1550 [sic!]. 316 $av. 3.; legato con i v. 4-6$5IT-AV0045, CINQ 002. 167 461 1$1001BVEE014610$12001 $a˜La œprima [-sesta] parte del general trattato di numeri, et misure di Nicolo Tartaglia, ... 700 1$aTartaglia$b, Niccolò$f <1499?-1557>$3MILV110199$4070$0348746 790 1$aTartaglia$b, Nicola$3CFIV155460$zTartaglia, Niccolò <1499?-1557> 790 1$aTartaglia$b, Nicolò$3PALV044484$zTartaglia, Niccolò <1499?-1557> 801 3$aIT$bIT-NA0079$c20090206 850 $aIT-AV0045 912 $aBVEE014629 921 $aBVEM000244$bLeone rampante in scudo cimato da elmo (sul quale si trova un altro leone) e sostenuto da due guerrieri$cV412$cZ787$dSul front. 950 2$aBiblioteca Statale di Montevergine$b1 esemplare (parte 3.-6.)$cv. 3.-6.$d MVCINQ 002. 167$e MV 0000442295 R (3 v. 3.; legato con i v. 4-6$fZ $h20090206$i20090206 977 $a MV 996 $aTerza parte del general trattato, de numeri et misure, di Nicolo Tartaglia. Nel quale si dechiarano i primi principii, et la prima parte della geometria$91479711 997 $aUNISANNIO LEADER 01885nam 2200385 n 450 001 996390143703316 005 20221107234646.0 035 $a(CKB)4940000000099394 035 $a(EEBO)2240873333 035 $a(UnM)99828679 035 $a(UnM)9927991800971 035 $a(EXLCZ)994940000000099394 100 $a19950426d1698 uy | 101 0 $aeng 135 $aurbn||||a|bb| 200 02$aA practial grammar. Or, the easiest and shortest way to initiate young children in the Latin tongue$b[electronic resource] $eBy the help whereof, a child of seven years old may learn more of the grounds of that language in three months, than is ordinarily learn'd in one year's space by those of greater age, in common grammar schools. Published for the use of such as love not to be tedious. To which are added, tables of Mr. Walker's Particles by the assistance where of young scholars may be better enabled to peruse that excellent and most useful treatise. The second edition. By J. Philomath. Master of a free-school 210 $aLondon $cprinted for Thomas Cockerill, at the corner of Warwick-Lane, in Pater-noster-Row$dM DC XC VIII. [1698] 215 $a88 p. $ctables 300 $aJ. Philomath is a pseudonym. 300 $aWing attributes authorship to: J. 300 $aReproduction of the original in the British Library. 330 $aeebo-0018 606 $aLatin language$xStudy and teaching$vEarly works to 1800 615 0$aLatin language$xStudy and teaching 700 $aPhilomath$b J$01014601 701 $aWalker$b William$f1623-1684.$01002630 702 $aJ$4aut 801 0$bCu-RivES 801 1$bCu-RivES 801 2$bCStRLIN 801 2$bWaOLN 906 $aBOOK 912 $a996390143703316 996 $aA practial grammar. Or, the easiest and shortest way to initiate young children in the Latin tongue$92365049 997 $aUNISA LEADER 01604nam 2200349Ia 450 001 996386426703316 005 20221107231036.0 035 $a(CKB)1000000000617463 035 $a(EEBO)2240916140 035 $a(OCoLC)ocm11933212e 035 $a(OCoLC)11933212 035 $a(EXLCZ)991000000000617463 100 $a19850417d1657 uy | 101 0 $aeng 135 $aurbn||||a|bb| 200 10$aResuscitatio, or, Bringing into publick light severall pieces of the works, civil, historical, philosophical, & theological, hitherto sleeping, of the Right Honourable Francis Bacon, Baron of Verulam, Viscount Saint Alban$b[electronic resource] $eaccording to the best corrected coppies : together with His Lordships life /$fby William Rawley .. 210 $aLondon $cPrinted Sarah Griffin, for William Lee, and are to be sold at his shop in Fleetstreet ...$d1657 215 $a[24], 282, [4], 122 [i.e. 124], [2] p. $cport 300 $aEach part has special t.p. 300 $aAdvertisements on p. [1]-[2] at end. 300 $aReproduction of original in Huntington Library. 330 $aeebo-0113 700 $aBacon$b Francis$f1561-1626.$0159133 701 $aRawley$b William$f1588?-1667.$01003869 801 0$bEAA 801 1$bEAA 801 2$bm/c 801 2$bWaOLN 906 $aBOOK 912 $a996386426703316 996 $aResuscitatio, or, Bringing into publick light severall pieces of the works, civil, historical, philosophical, & theological, hitherto sleeping, of the Right Honourable Francis Bacon, Baron of Verulam, Viscount Saint Alban$92328527 997 $aUNISA